UBT Library

Study guide for Human embryology / (Record no. 47004)

000 -LEADER
fixed length control field 00683pam a2200229 a 4500
001 - CONTROL NUMBER
control field 2997946
005 - DATE AND TIME OF LATEST TRANSACTION
control field 20180813034753.0
008 - FIXED-LENGTH DATA ELEMENTS--GENERAL INFORMATION
fixed length control field 930825s1994 nyua b 001 0 eng c
010 ## - LIBRARY OF CONGRESS CONTROL NUMBER
LC control number 93036387
020 ## - INTERNATIONAL STANDARD BOOK NUMBER
International Standard Book Number 0443089442
040 ## - CATALOGING SOURCE
Original cataloging agency DNLM/DLC
Transcribing agency DLC
Modifying agency DLC
041 ## - LANGUAGE CODE
Language code of text/sound track or separate title eng
060 00 - NATIONAL LIBRARY OF MEDICINE CALL NUMBER
Classification number QS 604 L334h 1993 Suppl. 1994
080 ## - UNIVERSAL DECIMAL CLASSIFICATION NUMBER
Universal Decimal Classification number 612.64
082 00 - DEWEY DECIMAL CLASSIFICATION NUMBER
Classification number 612.64
Edition number 20
100 1# - Rafti
Rafti 11
101 ## - Shkurtesa
Shkurtesa bio
245 10 - TITLE STATEMENT
Title Study guide for Human embryology /
Statement of responsibility, etc William J. Larsen.
906 ## - LOCAL DATA ELEMENT F, LDF (RLIN)
a 7
b cbc
c orignew
d 1
e ocip
f 19
g y-gencatlg
942 ## - ADDED ENTRY ELEMENTS (KOHA)
Source of classification or shelving scheme
Item type Books
Holdings
Withdrawn status Lost status Source of classification or shelving scheme Damaged status Not for loan Collection code Permanent location Current location Shelving location Date acquired Total Checkouts Full call number Barcode Date last seen Price effective from Koha item type
          Koleksioni i përgjithshem UBT - Lipjan UBT - Lipjan Koleksioni i përgjithshem 08/13/2018   612.64 Wil 002-301082 08/13/2018 08/13/2018 Books
UBT Library © 2015-2024. All rights reserved University Education for Business and Technology